Algunos aspectos de la reforma al Código Fiscal de la Provincia de Buenos Aires (Registro nro. 20453)

Detalles MARC
000 -LEADER
fixed length control field 00362 a2200109 4500
001 - CONTROL NUMBER
control field ART_53258
005 - DATE AND TIME OF LATEST TRANSACTION
control field 20260410161759.0
008 - FIXED-LENGTH DATA ELEMENTS--GENERAL INFORMATION
fixed length control field 260409a
100 1# - MAIN ENTRY--PERSONAL NAME
Personal name Radiminski, Carlos L.
245 10 - TITLE STATEMENT
Title Algunos aspectos de la reforma al Código Fiscal de la Provincia de Buenos Aires
773 0# - HOST ITEM ENTRY
Title Doctrina tributaria
Related parts - Nº 343 (oct. 2008)
Record control number REV4296

No hay ítems disponibles.